| 000 | 00753nam a2200205 a 4500 | ||
|---|---|---|---|
| 003 | 0 | ||
| 005 | 20250322085707.0 | ||
| 008 | 060801s19uu xx 00 eng d | ||
| 050 |
_aPGS QD 377.C66 _b.G722 2006 |
||
| 100 | _aGow, Kimberly Sean M. | ||
| 245 |
_aA comparative study on the quality of homemade and commercially available inks using chromatography / _cKimberly Sean M. Gow. |
||
| 260 |
_aLas PiƱas City, Philippines : _bSouthville International School and Colleges, _c2006. |
||
| 300 |
_a30 pages : _billustrations ; _c28 cm. |
||
| 504 | _aIncludes bibliographical references. | ||
| 650 | _aChromatographic analysis. | ||
| 650 |
_aInk _vAnalysis. |
||
| 650 |
_aInk _vQuality control. |
||
| 650 |
_aPaper _vTesting. |
||
| 942 |
_2lcc _cPASS |
||
| 999 |
_c97489 _d97489 |
||